African cities driving the NEPAD initiative / (Record no. 5709)
[ view plain ]
| 000 -LEADER | |
|---|---|
| fixed length control field | 01322nam a2200385 a 4500 |
| 001 - CONTROL NUMBER | |
| control field | 016949379 |
| 003 - CONTROL NUMBER IDENTIFIER | |
| control field | UkOxU |
| 005 - DATE AND TIME OF LATEST TRANSACTION | |
| control field | 20220624131626.0 |
| 008 - FIXED-LENGTH DATA ELEMENTS--GENERAL INFORMATION | |
| fixed length control field | 080730s2006 ke ab i000 0 eng d |
| 010 ## - LIBRARY OF CONGRESS CONTROL NUMBER | |
| LC control number | 2008349896 |
| 020 ## - INTERNATIONAL STANDARD BOOK NUMBER | |
| International Standard Book Number | 9211319218 |
| 020 ## - INTERNATIONAL STANDARD BOOK NUMBER | |
| International Standard Book Number | 9789211319217 |
| 020 ## - INTERNATIONAL STANDARD BOOK NUMBER | |
| International Standard Book Number | 9211318157 |
| 020 ## - INTERNATIONAL STANDARD BOOK NUMBER | |
| International Standard Book Number | 9789211318159 |
| 035 ## - SYSTEM CONTROL NUMBER | |
| System control number | (OCoLC)ocn173521452 |
| 040 ## - CATALOGING SOURCE | |
| Original cataloging agency | INU |
| Transcribing agency | ALUPE UNIVERSITY |
| Modifying agency | OSU |
| -- | IUL |
| -- | DLC |
| 042 ## - AUTHENTICATION CODE | |
| Authentication code | lccopycat |
| -- | lcode |
| 043 ## - GEOGRAPHIC AREA CODE | |
| Geographic area code | f------ |
| 050 00 - LIBRARY OF CONGRESS CALL NUMBER | |
| Classification number | HT384. |
| Item number | A33 2006 |
| 082 04 - DEWEY DECIMAL CLASSIFICATION NUMBER | |
| Classification number | 307.76/096 |
| Edition number | 22 |
| 245 00 - TITLE STATEMENT | |
| Title | African cities driving the NEPAD initiative / |
| Statement of responsibility, etc. | [prepared by Mariam Yunusa ... [et al.]] |
| 246 3# - VARYING FORM OF TITLE | |
| Title proper/short title | African cities driving the New Partership for Africa's Development initiative |
| 246 1# - VARYING FORM OF TITLE | |
| Display text | At head of title: |
| Title proper/short title | Report of the first phase, the NEPAD Cities Programme |
| 260 ## - PUBLICATION, DISTRIBUTION, ETC. | |
| Place of publication, distribution, etc. | Nairobi, Kenya : |
| Name of publisher, distributor, etc. | UN-HABITAT, |
| Date of publication, distribution, etc. | c2006. |
| 300 ## - PHYSICAL DESCRIPTION | |
| Extent | xvii, 268 p. : |
| Other physical details | ill., maps ; |
| Dimensions | 25 cm. |
| 650 #0 - SUBJECT ADDED ENTRY--TOPICAL TERM | |
| Topical term or geographic name entry element | Urbanization |
| Geographic subdivision | Africa. |
| 650 #0 - SUBJECT ADDED ENTRY--TOPICAL TERM | |
| Topical term or geographic name entry element | Cities and towns |
| Geographic subdivision | Africa |
| General subdivision | Growth. |
| 650 #0 - SUBJECT ADDED ENTRY--TOPICAL TERM | |
| Topical term or geographic name entry element | Sustainable development |
| Geographic subdivision | Africa. |
| 650 #0 - SUBJECT ADDED ENTRY--TOPICAL TERM | |
| Topical term or geographic name entry element | Urban ecology (Sociology) |
| Geographic subdivision | Africa. |
| 700 1# - ADDED ENTRY--PERSONAL NAME | |
| Personal name | Yunusa, Mariam Ladi. |
| 710 2# - ADDED ENTRY--CORPORATE NAME | |
| Corporate name or jurisdiction name as entry element | NEPAD Cities Programme. |
| 710 2# - ADDED ENTRY--CORPORATE NAME | |
| Corporate name or jurisdiction name as entry element | United Nations Centre for Human Settlements. |
| 942 ## - ADDED ENTRY ELEMENTS (KOHA) | |
| Source of classification or shelving scheme | |
| Koha item type | Book |
| Suppress in OPAC | AB |
| Withdrawn status | Lost status | Source of classification or shelving scheme | Damaged status | Not for loan | Permanent Location | Current Location | Shelving location | Date acquired | Source of acquisition | Total Checkouts | Full call number | Barcode | Date last seen | Price effective from | Koha item type | Public note | Copy number |
|---|---|---|---|---|---|---|---|---|---|---|---|---|---|---|---|---|---|
| AU LIBRARY | AU LIBRARY | Open Shelf | 13.06.2022 | DONATION FROM MOI UNIVERSITY | HT384. A33 2006 | 28007866 | 13.06.2022 | 13.06.2022 | Book | AB | |||||||
| AU LIBRARY | AU LIBRARY | Open Shelf | 24.06.2022 | DONATION FROM MOI UNIVERSITY | HT384. A33 2006 C2 | 28008059 | 24.06.2022 | 24.06.2022 | Book | AB | 2 |